Liquid Phase Sintering of the Systems with Interacting Components

Salvato in:
Dettagli Bibliografici
Autore principale: Savitskij, A.P (Autore)
Altri autori: Kokunova, M.V (Traduttore)
Natura: Libro
Lingua:inglese
Pubblicazione: Tomsk, 1993
Soggetti:
Tags: Aggiungi Tag
Nessun Tag, puoi essere il primo ad aggiungerne!!

MARC

LEADER 00000nam a22000003a 4500
001 stu155372
005 20150617230008.8
008 080118s1993------------------------eng-d
040 |a STU  |b slo 
041 0 |a eng 
080 |a 622.785 
100 1 |a Savitskij, A.P.  |4 aut 
245 1 |a Liquid Phase Sintering of the Systems with Interacting Components 
260 |a Tomsk,  |c 1993 
300 |a 293 s 
650 7 |a spekanie  |2 stusub 
700 1 |a Kokunova, M.V.  |4 trl 
996 |b 284M067144  |c M*12253-1  |l MMKN  |s A  |a 24  |w stu155372_0001